00430nam a2200157Ia 450000500170000000800410001702000150005808200130007310000150008624500610010126000510016230000170021365000130023065000130024365000160025620240730014336.0240331s9999 xx 000 0 und d a0226557235 bMCDa294 aMcDaniel,J 4aThe madness of the saints :becstatic religion in Bengla aLondonbThe University of Chicago Pressc1989 axi, 335 p ., aReligion a Rituals aTraditional